Análisis de las concepciones de los niños sobre la expresión de la simultaneidad en textos didácticos de historia.

Guardado en:
Bibliografiske detaljer
Hovedforfatter: Olvera Rosas, Alicia Xóchitl (autor)
Andre forfattere: Pellicer Ugalde, María Alejandra, dir (autor) Conductor, (autor)
Format: Bog
Sprog:spansk
Fag:
Tags: Tilføj Tag
Ingen Tags, Vær først til at tagge denne postø!

MARC

LEADER 00000cam^a2200000uu^4500
001 000510356
005 20250521000000.0
008 033009s1998^^^^^^^^^^^^rm^r^^000^0^spa^d
009 20260310130124.344
035 |a FCE 000054565 
037 |a Acervo ITESO - Biblioteca 
041 |a spa 
082 0 4 |a 372.89  |b OLVa 
100 |a Olvera Rosas, Alicia Xóchitl  |e (autor) 
245 1 0 |a Análisis de las concepciones de los niños sobre la expresión de la simultaneidad en textos didácticos de historia. 
264 |a México :  |b A. X. Olvera Rosas,  |c 2005. 
300 |a 231 p. 
336 |a texto  |b txt  |2 rdacontenido 
337 |a sin mediación  |b n  |2 rdamedio 
338 |a volumen  |b nc  |2 rdasoporte 
596 |a Tesis. (Maestra en Ciencias en la especialidad de Investigaciones Educativas). -- CINVESTAV, Departamento de Investigaciones Educativas. 
649 |a XX 
650 |a Historia 
650 |a Tiempo 
650 |a Enseñanza de la historia 
650 |a Niños 
650 |a Linguística 
650 |a Léxico 
650 |a México 
700 |a Pellicer Ugalde, María Alejandra,  |e dir  |e (autor) 
910 |a Fondo Centro de Estudios Educativos 
920 |a Impresos - Libros 
930 |a Fondos Especiales 
905 |a 133 
901 |a ALE067882  |b IT2  |c CEE  |u 20250521 
901 |a ALE067931  |b IT2  |c CEE  |u 20250521 
902 |a https://opac.biblio.iteso.mx/vufind/Record/000510356